000 00908nam a2200301 a 4500
001
003 OSt
005 20260321073644.0
008 081117s2018 dr c 001 0 spa d
020 _a9789945090925
020 _a
040 _aDO-SdBNP
_bspa
_cBNPHU
082 _aRD863.44
_bC764c 2018
100 1 _aContreras, Hilma,
_d1913-2006
_914873
245 1 3 _aCibao 1938 :
_brelatos /
_cHilma Contreras
246 1 3 _aCibao 1938 :
_b(Más relatos del Pueblo Chiquito)
260 _aSanto Domingo :
_bDoble Infinito,
_c2018
300 _a132 p. :
_bil. ;
_c23 cm.
500 _a Incluye datos biográficos de la autora en las solapas
533 _a
586 _a
590 _aInventariado, 2019/VM
650 1 0 _aCuentos dominicanos
_9176
650 1 0 _aLiteratura dominicana.
_967
700 1 _a Bosch, Juan,
_d1909-2001
_eNota introductoria
_976555
910 _aVMateo
942 _2ddc
_cLF1
999 _c49065
_d49065